[Event "21st Hoogeveen op"]
[Site "Hoogeveen NED"]
[Date "2017.10.22"]
[Round "2.21"]
[White "Hilwerda, Jonas"]
[Black "Lindeman, Johan W"]
[Result "1-0"]
[WhiteElo "2216"]
[BlackElo "2004"]
[EventDate "2017.10.21"]
[PlyCount "109"]

1.e4 Nc6 2.Nf3 d6 3.d4 Nf6 4.Nc3 g6 5.h3 Bg7 6.Be3 O-O 7.Qd2 e5 8.O-O-O 
exd4 9.Nxd4 Re8 10.f3 Bd7 11.g4 a6 12.h4 Nxd4 13.Bxd4 b5 14.h5 c5 15.Be3 
b4 16.Ne2 Qa5 17.Kb1 Be6 18.b3 c4 19.Nd4 cxb3 20.cxb3 Rac8 21.Nxe6 fxe6 
22.hxg6 hxg6 23.Bd4 e5 24.Bb2 Red8 25.Bc4+ Kf8 26.Qg5 Rxc4 27.bxc4 Kf7 28.
Qe3 Qc7 29.c5 a5 30.Qb3+ Kf8 31.Qe6 Qf7 32.Qxf7+ Kxf7 33.cxd6 Ke6 34.g5 
Ne8 35.Rd5 Rxd6 36.Rhd1 Ra6 37.Rd7 a4 38.f4 Rc6 39.fxe5 a3 40.Ba1 Rc4 41.
Rd8 Ke7 42.R1d7+ Kf8 43.Rxe8+ Kxe8 44.Rxg7 Rxe4 45.Kc2 Re2+ 46.Kb3 Re1 47.
Bd4 Rd1 48.Bc5 Rb1+ 49.Ka4 b3 50.Kxa3 b2 51.e6 Kd8 52.Be7+ Ke8 53.Bd6 Rf1 
54.Rg8+ Rf8 55.Rxf8# 1-0

[Event "21st Hoogeveen op"]
[Site "Hoogeveen NED"]
[Date "2017.10.22"]
[Round "2.22"]
[White "Clemens, Adrian HP"]
[Black "Weihrauch, Jakob"]
[Result "1-0"]
[WhiteElo "2198"]
[BlackElo "1901"]
[EventDate "2017.10.21"]
[PlyCount "73"]

1.d4 Nf6 2.c4 g6 3.Nc3 d5 4.Qb3 dxc4 5.Qxc4 Nbd7 6.e4 Nb6 7.Qd3 Bg7 8.Nf3 
O-O 9.Be2 Bg4 10.O-O Nfd7 11.Rd1 c5 12.d5 Bxf3 13.Qxf3 Ne5 14.Qh3 Qd7 15.
Qxd7 Nexd7 16.a4 a6 17.Be3 h5 18.a5 Bxc3 19.bxc3 Nc8 20.f4 Nd6 21.e5 Nf5 
22.Bf2 Rfc8 23.Rab1 Rab8 24.Rb2 f6 25.e6 Nf8 26.Rdb1 Rc7 27.Rb6 Rd8 28.c4 
Nd6 29.f5 gxf5 30.Bg3 h4 31.Bxd6 exd6 32.Rxb7 Rxb7 33.Rxb7 Nxe6 34.dxe6 
Re8 35.Bh5 Rxe6 36.Bf7+ Kh8 37.Bxe6 1-0

[Event "21st Hoogeveen op"]
[Site "Hoogeveen NED"]
[Date "2017.10.22"]
[Round "2.23"]
[White "Videnova, Iva"]
[Black "Pham, Khoi"]
[Result "1/2-1/2"]
[WhiteElo "2326"]
[BlackElo "1859"]
[EventDate "2017.10.21"]
[PlyCount "182"]

1.e4 c5 2.Nf3 e6 3.d4 cxd4 4.Nxd4 a6 5.Nc3 Ne7 6.f4 Nbc6 7.Be3 Nxd4 8.Qxd4
b5 9.Be2 Nc6 10.Qd2 Bb7 11.O-O Be7 12.Bf3 Na5 13.Qf2 Nc4 14.Bd4 O-O 15.b3 
Na3 16.Qg3 f6 17.Rf2 Rc8 18.Rc1 Bb4 19.Nb1 Nxb1 20.Rxb1 Bc3 21.Rd1 Qe7 22.
e5 Bxd4 23.Rxd4 Bxf3 24.gxf3 fxe5 25.fxe5 Rc3 26.Kg2 Rf5 27.h4 Re3 28.Re4 
Qc5 29.Rxe3 Qxe3 30.f4 Qe4+ 31.Qf3 Rxf4 32.Qxe4 Rxe4 33.Rd2 Rxe5 34.Rxd7 
Re2+ 35.Kg3 Rxc2 36.Rd6 Rxa2 37.Rxe6 Kf7 38.Rb6 Ra3 39.Kg4 Rxb3 40.Rxa6 
Rb4+ 41.Kg3 h5 42.Ra5 Kg6 43.Kh3 Kf5 44.Ra7 g6 45.Ra6 g5 46.hxg5 Kxg5 47.
Ra8 Re4 48.Kg3 Rc4 49.Kf3 Kf5 50.Rh8 Rc3+ 51.Ke2 Kg4 52.Rg8+ Kf4 53.Rh8 
Rc5 54.Kd3 Kg4 55.Ke3 Re5+ 56.Kf2 Kf4 57.Rh7 Ke4 58.Ke2 Kd4+ 59.Kd2 Kc4 
60.Kc2 Re2+ 61.Kc1 Rh2 62.Rf7 h4 63.Kb1 Rd2 64.Kc1 Rd4 65.Kc2 Kd5 66.Re7 
b4 67.Re8 Rg4 68.Kb3 Re4 69.Rh8 Ke5 70.Kc2 Rd4 71.Rf8 Rf4 72.Rh8 Kf5 73.
Kd2 Kg4 74.Ke3 Rf5 75.Rg8+ Kh3 76.Rb8 Kg3 77.Rg8+ Kh2 78.Rb8 h3 79.Rxb4 
Kg3 80.Rb8 Re5+ 81.Kd4 Re7 82.Rg8+ Kf2 83.Rf8+ Kg1 84.Rg8+ Kh1 85.Kd3 Re1 
86.Kd2 Rg1 87.Rf8 Rg2+ 88.Ke1 Kh2 89.Kf1 Rg4 90.Rf7 Rg2 91.Rf8 Rg4 1/2-1/2

[Event "21st Hoogeveen op"]
[Site "Hoogeveen NED"]
[Date "2017.10.22"]
[Round "2.25"]
[White "Bekedam, Tyro"]
[Black "Warakomska, Anna"]
[Result "0-1"]
[WhiteElo "2037"]
[BlackElo "2295"]
[EventDate "2017.10.21"]
[PlyCount "74"]

1.e4 e5 2.Nf3 Nc6 3.Bb5 a6 4.Ba4 Nf6 5.O-O Be7 6.Re1 b5 7.Bb3 d6 8.c3 O-O 
9.d3 Na5 10.Bc2 c5 11.Nbd2 Nc6 12.Nf1 h6 13.h3 Be6 14.Ne3 Re8 15.Kh2 d5 
16.g4 d4 17.Nf5 Nh7 18.Qd2 Bf6 19.h4 Bxf5 20.gxf5 Bxh4 21.Rg1 Bg5 22.Nxg5 
hxg5 23.Qe2 Qf6 24.Bb3 Rad8 25.Rg3 Na5 26.Bd5 c4 27.cxd4 exd4 28.Qh5 Rxd5 
29.exd5 Qxf5 30.Bxg5 g6 31.Qh6 Re2 32.Rf1 cxd3 33.Kg1 Nc4 34.d6 Nxd6 35.
Bf4 Ne4 36.Rxd3 Neg5 37.Rc1 Re8 0-1

[Event "21st Hoogeveen op"]
[Site "Hoogeveen NED"]
[Date "2017.10.22"]
[Round "2.26"]
[White "Schippers, Maurice"]
[Black "Van der Veen, Jan"]
[Result "1-0"]
[WhiteElo "2289"]
[BlackElo "2058"]
[EventDate "2017.10.21"]
[PlyCount "63"]

1.Nf3 Nf6 2.c4 g6 3.g3 Bg7 4.Bg2 O-O 5.O-O d6 6.Nc3 c6 7.d3 e5 8.Rb1 Re8 
9.Bg5 h6 10.Bxf6 Qxf6 11.b4 Qd8 12.Nd2 Be6 13.b5 Qc7 14.Qa4 Rc8 15.b6 Qd7 
16.bxa7 Na6 17.Rb6 Rxa7 18.Rfb1 Bf6 19.Qa3 Bd8 20.Nde4 Be7 21.Qb2 Rc7 22.
g4 Bxg4 23.Nb5 cxb5 24.cxb5 Qd8 25.bxa6 bxa6 26.Nc3 Rxc3 27.Qxc3 Rc7 28.
Rc6 Rxc6 29.Qxc6 Bxe2 30.Qxa6 Kg7 31.Qa7 Bxd3 32.Rb8 1-0

[Event "21st Hoogeveen op"]
[Site "Hoogeveen NED"]
[Date "2017.10.22"]
[Round "2.27"]
[White "Heemskerk, Wim"]
[Black "Kouwenhoven, Derk"]
[Result "1/2-1/2"]
[WhiteElo "2179"]
[BlackElo "2028"]
[EventDate "2017.10.21"]
[PlyCount "81"]

1.Nf3 g6 2.c4 Bg7 3.g3 d6 4.Bg2 Nd7 5.d4 e5 6.Nc3 Ne7 7.e4 O-O 8.O-O exd4 
9.Nxd4 Nc6 10.Nde2 a5 11.h3 Nc5 12.Be3 Be6 13.b3 a4 14.Rb1 axb3 15.axb3 f5
16.Kh2 Qe7 17.Nd5 Bxd5 18.exd5 Nb4 19.Nf4 Ra2 20.Bd4 Bxd4 21.Qxd4 Qe5 22.
Qd1 Ne4 23.Ra1 Rfa8 24.Rxa2 Rxa2 25.Kg1 Nc3 26.Qe1 Ne2+ 27.Nxe2 Nd3 28.Qc3
Qxe2 29.Qf6 Nxf2 30.Qe6+ Qxe6 31.dxe6 Nd3 32.Bxb7 Kf8 33.g4 Ke7 34.gxf5 
gxf5 35.Rxf5 Kxe6 36.Rh5 Rb2 37.Bd5+ Kf6 38.Rxh7 Rxb3 39.Rxc7 Nf4 40.Rf7+ 
Ke5 41.Re7+ 1/2-1/2

[Event "21st Hoogeveen op"]
[Site "Hoogeveen NED"]
[Date "2017.10.22"]
[Round "2.28"]
[White "French, Max"]
[Black "De Graaf, Dick"]
[Result "1/2-1/2"]
[WhiteElo "1991"]
[BlackElo "2178"]
[EventDate "2017.10.21"]
[PlyCount "119"]

1.d4 g6 2.c4 Bg7 3.Nc3 c6 4.e4 d6 5.Nf3 Qc7 6.Be3 Nd7 7.Be2 Ngf6 8.Nd2 c5 
9.d5 O-O 10.O-O a6 11.Qc2 e6 12.a4 Re8 13.h3 a5 14.Bf4 e5 15.Bh2 g5 16.Nb5
Qb6 17.Kh1 Nf8 18.h4 gxh4 19.f4 Ng4 20.Bg1 exf4 21.Rxf4 h5 22.Raf1 Re7 23.
Qd1 Ng6 24.Bxg4 hxg4 25.Rf6 Bxf6 26.Rxf6 Qd8 27.Rxd6 Rd7 28.Bxc5 Qg5 29.
Qe1 g3 30.Nf3 Qh5 31.e5 Rxd6 32.Nxd6 Bg4 33.Ne4 Qf5 34.Nf6+ Kg7 35.Nxg4 
Qxg4 36.e6 h3 37.Bd6 hxg2+ 38.Kxg2 Rh8 39.Qxg3 Qxc4 40.Be5+ f6 41.Bxf6+ 
Kxf6 42.Qg5+ Kg7 43.Qxg6+ Kxg6 44.Ne5+ Kf6 45.Nxc4 Rh4 46.b3 Rd4 47.Nd6 
Rb4 48.Nc8 Rxb3 49.e7 Kf7 50.d6 Ke8 51.Kf2 b5 52.Nb6 Rd3 53.axb5 Rxd6 54.
Nc4 Rf6+ 55.Ke3 a4 56.Kd4 Rf3 57.b6 Kxe7 58.b7 Rb3 59.Na5 Rb4+ 60.Kc3 
1/2-1/2

[Event "21st Hoogeveen op"]
[Site "Hoogeveen NED"]
[Date "2017.10.22"]
[Round "2.29"]
[White "Sparenberg, Erik"]
[Black "Engel, Robert"]
[Result "1-0"]
[WhiteElo "2175"]
[BlackElo "1973"]
[EventDate "2017.10.21"]
[PlyCount "97"]

1.e4 c5 2.Nf3 d6 3.c3 Nf6 4.Be2 g6 5.O-O Bg7 6.Re1 O-O 7.Bf1 Nc6 8.h3 Qc7 
9.d4 cxd4 10.cxd4 d5 11.e5 Ne4 12.Qb3 Be6 13.Bd3 Rac8 14.Na3 a6 15.Bf4 Qd7
16.Rad1 Rfd8 17.Bf1 h6 18.Nb1 g5 19.Bh2 Bf5 20.Nbd2 Nxd2 21.Rxd2 Na5 22.
Qb4 Nc4 23.Bxc4 Rxc4 24.Qb3 e6 25.g4 Bg6 26.h4 Qe7 27.hxg5 hxg5 28.Qe3 Bh6
29.Kg2 Rdc8 30.Bg3 Be4 31.Rh1 Kg7 32.Rh5 Bg6 33.Rh2 Rc1 34.Ng1 Ra1 35.a3 
Rcc1 36.Ne2 Rf1 37.f3 b5 38.Qc3 Qb7 39.Bf2 Qe7 40.Be3 Rfe1 41.Bf2 Rf1 42.
Qc5 Qb7 43.Be3 Bh7 44.Ng3 Rfc1 45.Qd6 Rc6 46.Nh5+ Kh8 47.Qd8+ Bg8 48.Qf6+ 
Kh7 49.Ng3 1-0

[Event "21st Hoogeveen op"]
[Site "Hoogeveen NED"]
[Date "2017.10.22"]
[Round "2.30"]
[White "Knight, David"]
[Black "Mellema, Andries"]
[Result "1-0"]
[WhiteElo "1926"]
[BlackElo "2164"]
[EventDate "2017.10.21"]
[PlyCount "69"]

1.e4 e6 2.d4 d5 3.e5 c5 4.Nf3 Nc6 5.Bd3 cxd4 6.O-O Bd7 7.Re1 h6 8.a3 a5 9.
Nbd2 Qb6 10.Nf1 O-O-O 11.c3 Kb8 12.cxd4 g5 13.h3 f6 14.exf6 Nxf6 15.Ne5 
Nxe5 16.dxe5 Ne4 17.Bxe4 dxe4 18.Be3 Bc5 19.Qg4 Bxe3 20.Nxe3 Rhf8 21.b4 
Qd4 22.bxa5 Qxe5 23.a6 Qf4 24.Qe2 Bc6 25.axb7 Qd6 26.Red1 Qe7 27.Rdb1 Bxb7
28.Rb4 Rd7 29.Rab1 Qd6 30.Nc4 Qd3 31.Qb2 Rff7 32.Qe5+ Kc8 33.Nb6+ Kd8 34.
Nxd7 e3 35.Qxe3 1-0

[Event "21st Hoogeveen op"]
[Site "Hoogeveen NED"]
[Date "2017.10.22"]
[Round "2.31"]
[White "Vroombout, Enrico"]
[Black "Colbow, Collin"]
[Result "1-0"]
[WhiteElo "2133"]
[BlackElo "1945"]
[EventDate "2017.10.21"]
[PlyCount "97"]

1.d4 Nf6 2.c4 e6 3.Nc3 Bb4 4.a3 Bxc3+ 5.bxc3 c5 6.e3 O-O 7.Bd3 d5 8.cxd5 
exd5 9.Ne2 c4 10.Bb1 Nc6 11.f3 Re8 12.O-O Na5 13.Ng3 Nb3 14.Ra2 Qa5 15.Qc2
Bd7 16.Nh5 Nxh5 17.Qxh7+ Kf8 18.Qxh5 Qxc3 19.Rc2 Qa5 20.Bb2 Rac8 21.Bc3 
Qxa3 22.Qh8+ Ke7 23.Qxg7 Qd6 24.Be1 Be6 25.Bg3 Qb6 26.Be5 Rg8 27.Qf6+ Kd7 
28.f4 Rg6 29.Qh4 Bf5 30.Rxc4 Rxc4 31.Bxf5+ Kc6 32.Qe7 Kb5 33.Qxf7 Rgc6 34.
Qxd5+ Kb4 35.Bd7 Rh6 36.f5 Nd2 37.Be6 Rxe6 38.fxe6 Nxf1 39.Bd6+ Kc3 40.
Kxf1 Rc6 41.e7 Rxd6 42.Qxd6 Qxd6 43.e8=Q Qxh2 44.Qe5 Qh1+ 45.Kf2 Qh4+ 46.
Kf3 Kd3 47.d5 Qh7 48.Qd4+ Kc2 49.Qe4+ 1-0

[Event "21st Hoogeveen op"]
[Site "Hoogeveen NED"]
[Date "2017.10.22"]
[Round "2.32"]
[White "Molenaar, Christiaan"]
[Black "Aan, Sikka"]
[Result "1-0"]
[WhiteElo "2112"]
[BlackElo "1918"]
[EventDate "2017.10.21"]
[PlyCount "61"]

1.f4 d5 2.Nf3 g6 3.d3 Nf6 4.e3 Bg7 5.Be2 c5 6.O-O Nc6 7.Nc3 O-O 8.Ne5 Qd6 
9.Nxc6 Qxc6 10.Bf3 Be6 11.a4 Qd7 12.e4 dxe4 13.dxe4 Rfd8 14.Qe2 Bg4 15.Be3
Bxf3 16.Qxf3 Rac8 17.h3 a6 18.a5 Qc6 19.g4 Nd7 20.Rad1 Nf6 21.g5 Rxd1 22.
Rxd1 Nd7 23.Nd5 Re8 24.Nc3 e6 25.Kg2 Qc7 26.e5 Bf8 27.Ne4 Rd8 28.h4 Qc6 
29.Rxd7 Rxd7 30.Nf6+ Kg7 31.Qxc6 1-0

[Event "21st Hoogeveen op"]
[Site "Hoogeveen NED"]
[Date "2017.10.22"]
[Round "2.33"]
[White "Kutchoukov, Daniel"]
[Black "Boer, Alef"]
[Result "0-1"]
[WhiteElo "1913"]
[BlackElo "2107"]
[EventDate "2017.10.21"]
[PlyCount "235"]

1.e4 Nf6 2.e5 Nd5 3.d4 d6 4.c4 Nb6 5.exd6 exd6 6.Nc3 Nc6 7.Be3 Be7 8.Bd3 
O-O 9.Nge2 Nb4 10.O-O Nxd3 11.Qxd3 Bg4 12.b3 Bh5 13.Nf4 Bg6 14.Nxg6 hxg6 
15.d5 Nd7 16.Bd4 Re8 17.Rfe1 a6 18.Rad1 Bf6 19.Ne4 Bxd4 20.Qxd4 Qh4 21.Qd3
Re5 22.Nd2 Nc5 23.Qc3 Ne4 24.Nxe4 Rxe4 25.Rxe4 Qxe4 26.Re1 Qf5 27.Qe3 Qd7 
28.Qe7 Qxe7 29.Rxe7 Rc8 30.Kf1 Kf8 31.Re3 b5 32.Re4 f5 33.Rd4 b4 34.Ke2 
Ke7 35.Rd2 Kf6 36.Kd3 Re8 37.Rd1 g5 38.Ra1 g4 39.g3 Rh8 40.Rh1 a5 41.Kd4 
Re8 42.Kd3 Re4 43.a3 Ke5 44.axb4 axb4 45.Ra1 Rd4+ 46.Ke3 g5 47.Ra8 f4+ 48.
gxf4+ gxf4+ 49.Ke2 f3+ 50.Ke3 Rd1 51.Re8+ Kf6 52.Rf8+ Ke7 53.Rg8 Rg1 54.
Rg7+ Kd8 55.Kf4 Rg2 56.Rxg4 Rxf2 57.h4 Rb2 58.Kxf3 Rxb3+ 59.Ke2 Rh3 60.Kd1
Kc8 61.Kc2 Kb7 62.h5 Kb6 63.h6 Rxh6 64.Kb3 Kc5 65.Re4 Rh3+ 66.Kb2 Rc3 67.
Re7 Kxc4 68.Rxc7+ Kxd5 69.Rb7 Kc5 70.Rc7+ Kd4 71.Rb7 Kc5 72.Rc7+ Kb6 73.
Rh7 d5 74.Rh5 Kc5 75.Rh4 Re3 76.Rh8 Kc4 77.Rc8+ Kd3 78.Rb8 Re2+ 79.Kc1 Kc3
80.Rc8+ Kb3 81.Rd8 Re1+ 82.Kd2 Re5 83.Rb8 Rh5 84.Kd3 Ka3 85.Ra8+ Kb2 86.
Ra5 b3 87.Kd2 Kb1 88.Rb5 b2 89.Ra5 Rh2+ 90.Kd1 Rh4 91.Kd2 Rd4+ 92.Ke3 Rd1 
93.Ke2 Kc2 94.Rc5+ Kb3 95.Rb5+ Kc4 96.Rxb2 Rh1 97.Rc2+ Kd4 98.Rc8 Rh2+ 99.
Kd1 Kd3 100.Kc1 d4 101.Rg8 Rh1+ 102.Kb2 Re1 103.Rg4 Ke3 104.Rg8 Kd2 105.
Rh8 d3 106.Rh3 Re2 107.Rh1 Rg2 108.Rh8 Ke3+ 109.Kc1 Rg1+ 110.Kb2 Rf1 111.
Re8+ Kd2 112.Rh8 Kd1 113.Re8 d2 114.Rh8 Ke1 115.Re8+ Kf2 116.Rf8+ Kg2 117.
Rg8+ Kh3 118.Rh8+ 0-1

[Event "21st Hoogeveen op"]
[Site "Hoogeveen NED"]
[Date "2017.10.22"]
[Round "2.34"]
[White "Schulze, Lara"]
[Black "Duson, Robin"]
[Result "1-0"]
[WhiteElo "2091"]
[BlackElo "1890"]
[EventDate "2017.10.21"]
[PlyCount "47"]

1.e4 c5 2.Nf3 d6 3.d4 cxd4 4.Nxd4 Nf6 5.Nc3 g6 6.Be3 Bg7 7.f3 O-O 8.Qd2 
Nc6 9.g4 Be6 10.Nxe6 fxe6 11.O-O-O Ne5 12.Be2 Qc8 13.h4 Nfd7 14.h5 Nxf3 
15.Nd5 exd5 16.Qxd5+ Kh8 17.hxg6 Nf6 18.Rxh7+ Nxh7 19.Qh5 Bxb2+ 20.Kxb2 
Rf7 21.gxf7 Qe6 22.Bxf3 Qf6+ 23.Bd4 e5 24.Rh1 1-0

[Event "21st Hoogeveen op"]
[Site "Hoogeveen NED"]
[Date "2017.10.22"]
[Round "2.35"]
[White "Den Dunnen, Lola"]
[Black "Hendriks, Richard V"]
[Result "0-1"]
[WhiteElo "1862"]
[BlackElo "2087"]
[EventDate "2017.10.21"]
[PlyCount "102"]

1.d4 Nf6 2.c4 e6 3.Nc3 Bb4 4.e3 O-O 5.Ne2 Re8 6.a3 Bf8 7.Ng3 d5 8.cxd5 
exd5 9.Bd3 c5 10.O-O Nc6 11.Bc2 Be6 12.Nce2 Rc8 13.dxc5 Bxc5 14.b4 Bd6 15.
Bb2 Ne5 16.Nf4 Bg4 17.f3 Bd7 18.Re1 Nc4 19.Bxf6 Qxf6 20.Nxd5 Qh4 21.f4 Be6
22.Nf5 Bxf5 23.Bxf5 Rcd8 24.g3 Qh6 25.Qg4 Nb6 26.Nxb6 axb6 27.Rad1 Bf8 28.
Rxd8 Rxd8 29.Rd1 Qf6 30.Rxd8 Qxd8 31.Qf3 Qd2 32.e4 g6 33.Bg4 Qc1+ 34.Kg2 
h5 35.Bh3 Qb2+ 36.Kg1 Qd4+ 37.Kg2 Qb2+ 38.Kh1 Be7 39.e5 Bd8 40.Qd3 Qc1+ 
41.Kg2 Be7 42.Bd7 g5 43.e6 Qb2+ 44.Kg1 Bf6 45.exf7+ Kxf7 46.Qh7+ Kf8 47.
Be6 Bd4+ 48.Kh1 Qc1+ 49.Kg2 Qg1+ 50.Kf3 Qe3+ 51.Kg2 Qf2+ 0-1

[Event "21st Hoogeveen op"]
[Site "Hoogeveen NED"]
[Date "2017.10.22"]
[Round "2.36"]
[White "Roebers, Jan"]
[Black "Elgersma, Onno"]
[Result "1-0"]
[WhiteElo "2086"]
[BlackElo "1884"]
[EventDate "2017.10.21"]
[PlyCount "61"]

1.b3 Nf6 2.Bb2 e6 3.Nf3 b6 4.g3 Bb7 5.Bg2 Be7 6.O-O c5 7.d3 Nc6 8.Ne5 Qc7 
9.Nxc6 Bxc6 10.e4 d6 11.Qe2 Qb7 12.a4 a6 13.Nd2 h5 14.h3 Rc8 15.Nc4 Kf8 
16.f4 d5 17.Ne5 dxe4 18.Nxc6 Qxc6 19.dxe4 c4 20.Bd4 cxb3 21.cxb3 Bc5 22.
Be3 Ke7 23.Rac1 Bxe3+ 24.Qxe3 Qb7 25.e5 Nd5 26.Bxd5 exd5 27.f5 Rc6 28.Qg5+
Ke8 29.Qxg7 Rf8 30.Rce1 Rc2 31.e6 1-0

[Event "21st Hoogeveen op"]
[Site "Hoogeveen NED"]
[Date "2017.10.22"]
[Round "2.37"]
[White "Van Foreest, Machteld"]
[Black "Fehr, Axel"]
[Result "1-0"]
[WhiteElo "1829"]
[BlackElo "2081"]
[EventDate "2017.10.21"]
[PlyCount "111"]

1.e4 c5 2.Nf3 d6 3.d4 cxd4 4.Nxd4 Nf6 5.Nc3 a6 6.Bg5 e6 7.f4 h6 8.Bxf6 
Qxf6 9.Qd2 g5 10.fxg5 hxg5 11.O-O-O Nc6 12.g3 Nxd4 13.Qxd4 Qxd4 14.Rxd4 
Bd7 15.Bg2 Bc6 16.h3 Rd8 17.Rhd1 Ke7 18.Re1 Bg7 19.Rd3 Be5 20.Ne2 Rc8 21.
Nd4 Ba4 22.b3 Bd7 23.Kb1 Rc5 24.Red1 Rhc8 25.R1d2 Be8 26.h4 gxh4 27.gxh4 
Rc3 28.Ne2 R3c7 29.h5 Bc6 30.Rh3 Rh8 31.Rd1 Rcc8 32.Bf3 Rcg8 33.Rg1 Rxg1+ 
34.Nxg1 Bf4 35.Ne2 Be5 36.c4 b5 37.cxb5 axb5 38.Nc1 Kf6 39.Nd3 Kg5 40.Nxe5
dxe5 41.Kc2 f5 42.Kc3 Rh6 43.Kb4 Kf4 44.Be2 fxe4 45.Kc5 Be8 46.Kd6 e3 47.
Ke7 Bxh5 48.Rxh5 Rxh5 49.Bxh5 b4 50.Kxe6 Ke4 51.Be2 Kd4 52.Kf5 Kc3 53.Kxe5
Kb2 54.Kd4 Kxa2 55.Kc4 Ka3 56.Bh5 1-0

[Event "21st Hoogeveen op"]
[Site "Hoogeveen NED"]
[Date "2017.10.23"]
[Round "3.1"]
[White "Schoppen, Casper"]
[Black "Xu Xiangyu"]
[Result "1/2-1/2"]
[WhiteElo "2440"]
[BlackElo "2549"]
[EventDate "2017.10.21"]
[PlyCount "175"]

1.e4 c5 2.Nf3 d6 3.d4 cxd4 4.Nxd4 Nf6 5.Nc3 Bd7 6.Bg5 e6 7.Qd2 a6 8.O-O-O 
h6 9.Bxf6 Qxf6 10.f4 Nc6 11.Nf3 Qd8 12.g4 Be7 13.h4 Qc7 14.Bd3 O-O-O 15.g5
Kb8 16.Kb1 Bc8 17.f5 Ne5 18.Nxe5 dxe5 19.Qg2 Bb4 20.Ne2 hxg5 21.hxg5 Rxh1 
22.Rxh1 Qb6 23.Ka1 exf5 24.exf5 Bd7 25.a3 Bc5 26.Be4 Be8 27.Nc1 Bd4 28.Nb3
Ba4 29.Ka2 Be3 30.Bd5 Bxg5 31.Qxg5 Rxd5 32.Qxg7 Qc7 33.Rh8+ Ka7 34.Qg1+ b6
35.Qg8 Bc6 36.Rh3 Bb7 37.Rc3 Qd7 38.f6 a5 39.Qf8 a4 40.Nc1 Rd1 41.Qh6 Rh1 
42.Qg5 Qd1 43.Kb1 Be4 44.Rc4 Rg1 45.Qe3 Re1 46.Rxa4+ Kb7 47.Qxe4+ Rxe4 48.
Rxe4 Qd5 49.Re1 e4 50.Na2 Qd4 51.Nb4 Kc8 52.Kc1 Qe5 53.c4 Qf4+ 54.Kd1 e3 
55.Re2 Kd7 56.Nc2 Qf1+ 57.Ne1 Qxf6 58.Rxe3 Qxb2 59.Nf3 Qf2 60.Rd3+ Ke7 61.
Nd2 Qg1+ 62.Kc2 Ke6 63.Rb3 Kd6 64.Rd3+ Kc6 65.Rf3 f5 66.Rd3 Qg2 67.Rf3 Kd7
68.Rb3 f4 69.Rc3 Qg6+ 70.Rd3+ Kc6 71.Kc3 Qf6+ 72.Kc2 Qf5 73.Kc3 Qa5+ 74.
Kc2 Qe5 75.Rf3 Kd7 76.Rd3+ Ke6 77.Rb3 Qc5 78.Rb5 Qxa3 79.Rxb6+ Ke5 80.Rb3 
Qa4 81.Kd1 Kd4 82.Ke2 Qe8+ 83.Kd1 Qh5+ 84.Rf3 Qh1+ 85.Ke2 Qg2+ 86.Kd1 Qh1+
87.Ke2 Qg2+ 88.Kd1 1/2-1/2

[Event "21st Hoogeveen op"]
[Site "Hoogeveen NED"]
[Date "2017.10.23"]
[Round "3.2"]
[White "Ernst, Sipke"]
[Black "Kuipers, Stefan"]
[Result "1-0"]
[WhiteElo "2548"]
[BlackElo "2411"]
[EventDate "2017.10.21"]
[PlyCount "71"]

1.d4 d5 2.c4 c6 3.Nf3 Nf6 4.Nc3 e6 5.cxd5 exd5 6.Bg5 Nbd7 7.e3 h6 8.Bh4 g5
9.Bg3 Nh5 10.Bd3 Nxg3 11.hxg3 Bg7 12.Bf5 Nf6 13.Bxc8 Qxc8 14.Qc2 Qe6 15.
Ne5 O-O-O 16.O-O-O Kb8 17.Nd3 Ne4 18.Nxe4 dxe4 19.Nc5 Qxa2 20.Nxe4 c5 21.
Nxc5 Rc8 22.Kd2 Qd5 23.Qd3 b6 24.Na6+ Kb7 25.Nb4 Qa5 26.Qb3 Rhd8 27.Ra1 
Qf5 28.Nd3 Bxd4 29.exd4 Rxd4 30.Ra4 Rxa4 31.Qxa4 Rd8 32.Qb3 Qxf2+ 33.Kc3 
Rxd3+ 34.Kxd3 Qxg3+ 35.Kc4 Qg4+ 36.Kc3 1-0

[Event "21st Hoogeveen op"]
[Site "Hoogeveen NED"]
[Date "2017.10.23"]
[Round "3.3"]
[White "Engel, Luis"]
[Black "Pruijssers, Roeland"]
[Result "0-1"]
[WhiteElo "2344"]
[BlackElo "2512"]
[EventDate "2017.10.21"]
[PlyCount "108"]

1.e4 e5 2.Nf3 Nc6 3.Bc4 Bc5 4.c3 Nf6 5.d3 a6 6.O-O d6 7.Nbd2 O-O 8.Bb3 Ba7
9.h3 Nh5 10.Nc4 Qf6 11.Ne3 Nf4 12.Nd5 Nxd5 13.exd5 Nb8 14.d4 Bf5 15.Bg5 
Qg6 16.Be7 Bxh3 17.Nh4 Qg4 18.Qxg4 Bxg4 19.Bxf8 Kxf8 20.dxe5 dxe5 21.Bd1 
Bd7 22.Bc2 g6 23.Rfe1 f6 24.g3 Be8 25.Nf3 Bf7 26.Red1 Nd7 27.b4 Nb6 28.Bb3
e4 29.Ne1 Nd7 30.c4 a5 31.a3 Ne5 32.c5 b6 33.Bc2 f5 34.c6 b5 35.d6 Rc8 36.
a4 Nxc6 37.axb5 Nxb4 38.Rxa5 Bb6 39.d7 Rd8 40.Ra3 Nd5 41.Ng2 Ke7 42.Nf4 
Nxf4 43.gxf4 Bc4 44.Rh3 h5 45.Rg3 Kf6 46.Ba4 Be6 47.Rc1 Rxd7 48.Rc6 Rd2 
49.Rxe6+ Kxe6 50.Rxg6+ Kf7 51.Rg5 Rxf2 52.Rxf5+ Kg6 53.Rg5+ Kh6 54.Kh1 e3 
0-1

[Event "21st Hoogeveen op"]
[Site "Hoogeveen NED"]
[Date "2017.10.23"]
[Round "3.4"]
[White "Kollars, Dmitrij"]
[Black "Tania, Sachdev"]
[Result "1/2-1/2"]
[WhiteElo "2498"]
[BlackElo "2386"]
[EventDate "2017.10.21"]
[PlyCount "48"]

1.e4 e5 2.Nf3 Nc6 3.Bc4 Bc5 4.O-O Nf6 5.d3 d6 6.c3 O-O 7.Nbd2 a5 8.a4 Be6 
9.Bxe6 fxe6 10.Nc4 Qd7 11.Re1 h6 12.Be3 Ba7 13.Bxa7 Rxa7 14.d4 exd4 15.
Nxd4 e5 16.Nxc6 Qxc6 17.Qb3 Kh7 18.Qb5 Qd7 19.f3 b6 20.Ne3 Qf7 21.Qc4 Qxc4
22.Nxc4 Nd7 23.Kf2 Nc5 24.Ke2 Raa8 1/2-1/2

[Event "21st Hoogeveen op"]
[Site "Hoogeveen NED"]
[Date "2017.10.23"]
[Round "3.6"]
[White "Pajeken, Jakob Leon"]
[Black "Saduakassova, Dinara"]
[Result "0-1"]
[WhiteElo "2203"]
[BlackElo "2448"]
[EventDate "2017.10.21"]
[PlyCount "54"]

1.e4 c5 2.Nf3 e6 3.d4 cxd4 4.Nxd4 Nc6 5.Nc3 a6 6.Be3 Nf6 7.Bd3 Ne5 8.O-O 
Neg4 9.Bg5 Qc7 10.Nf3 d6 11.h3 Ne5 12.Nxe5 dxe5 13.Bxf6 gxf6 14.Qf3 Be7 
15.Ne2 Bd7 16.Ng3 Bc6 17.Qe2 Rg8 18.Qh5 Bc5 19.Qxh7 O-O-O 20.Kh2 f5 21.b4 
Rh8 22.Qg7 Rdg8 23.Qf6 Bf8 24.b5 axb5 25.Nxf5 exf5 26.Qxf5+ Bd7 27.Qf3 Bh6
0-1

[Event "21st Hoogeveen op"]
[Site "Hoogeveen NED"]
[Date "2017.10.23"]
[Round "3.7"]
[White "Kuljasevic, Davorin"]
[Black "Buckels, Valentin"]
[Result "1/2-1/2"]
[WhiteElo "2549"]
[BlackElo "2318"]
[EventDate "2017.10.21"]
[PlyCount "98"]

1.d4 Nf6 2.c4 e6 3.Nf3 Bb4+ 4.Nbd2 a5 5.g3 b6 6.Bg2 Bb7 7.O-O O-O 8.Qc2 
Bxd2 9.Bxd2 Be4 10.Qc1 Nc6 11.Bc3 d5 12.b3 Qc8 13.Bh3 Rd8 14.Rd1 Qb7 15.
Nd2 Bg6 16.Bg2 Rac8 17.a3 Ne7 18.Qb2 c6 19.a4 Qa6 20.Re1 Rd7 21.Nf3 Rdc7 
22.Ne5 Nd7 23.Nxg6 hxg6 24.e4 Nf6 25.f3 Ra7 26.Bf1 Qb7 27.Rac1 Qb8 28.Bd3 
Rd8 29.Qe2 Rad7 30.cxd5 cxd5 31.e5 Ne8 32.b4 axb4 33.Bxb4 Rc7 34.Rxc7 Qxc7
35.Qb2 Nc6 36.Rc1 Qb7 37.Rb1 Ra8 38.Bc5 Rxa4 39.Qxb6 Qxb6 40.Rxb6 Nxd4 41.
Rb8 Nxf3+ 42.Kf2 Nxe5 43.Rxe8+ Kh7 44.Be2 Ng4+ 45.Bxg4 Rxg4 46.Re7 Kg8 47.
Re8+ Kh7 48.Re7 Kg8 49.Re8+ Kh7 1/2-1/2

[Event "21st Hoogeveen op"]
[Site "Hoogeveen NED"]
[Date "2017.10.23"]
[Round "3.8"]
[White "Van Dael, Siem"]
[Black "Van Foreest, Lucas"]
[Result "1-0"]
[WhiteElo "2286"]
[BlackElo "2489"]
[EventDate "2017.10.21"]
[PlyCount "141"]

1.e4 Nc6 2.Nf3 d6 3.d4 Nf6 4.Nc3 g6 5.h3 Bg7 6.Be3 O-O 7.Qd2 e5 8.O-O-O 
exd4 9.Nxd4 Nxd4 10.Bxd4 a6 11.g4 b5 12.g5 Nh5 13.Bxg7 Nxg7 14.Nd5 Ne8 15.
e5 Bb7 16.Nf6+ Kh8 17.Rg1 Nxf6 18.gxf6 dxe5 19.Qg5 Qe8 20.Rg4 Bf3 21.Rh4 
Rg8 22.Qh6 Bh5 23.Bd3 Qf8 24.Rxh5 Qxh6+ 25.Rxh6 Rad8 26.Re1 Rd6 27.Rxe5 
Rxf6 28.Rh4 Rxf2 29.a4 c6 30.b3 Rd8 31.Re2 Rf3 32.Kb2 Kg7 33.Ka3 h5 34.Be4
Rf6 35.Bg2 Rfd6 36.Rf4 f5 37.Kb4 Kf6 38.Ka5 g5 39.Rff2 bxa4 40.Kxa4 Rd4+ 
41.c4 c5 42.Be4 f4 43.h4 Rd1 44.hxg5+ Kxg5 45.Rg2+ Kf6 46.Rg6+ Kf7 47.Rxa6
Ra1+ 48.Kb5 Rxa6 49.Kxa6 Rb8 50.Bb7 Kf6 51.Ka7 Rd8 52.Bd5 Rd6 53.Re8 h4 
54.Kb7 Kf5 55.Kc7 Rh6 56.Be4+ Kg4 57.Rg8+ Kh3 58.Rg5 Kh2 59.Rg4 f3 60.Rf4 
h3 61.Rxf3 Kg1 62.Rd3 h2 63.Rd6 Rh4 64.Bc6 Kf2 65.Kb6 Rh5 66.Rd1 Ke2 67.
Rh1 Kd3 68.Bd5 Kc3 69.Kxc5 Kxb3 70.Kd6 Rh6+ 71.Be6 1-0

[Event "21st Hoogeveen op"]
[Site "Hoogeveen NED"]
[Date "2017.10.23"]
[Round "3.10"]
[White "Uksini, Bardhyl"]
[Black "Clemens, Adrian HP"]
[Result "1-0"]
[WhiteElo "2363"]
[BlackElo "2198"]
[EventDate "2017.10.21"]
[PlyCount "59"]

1.d4 Nf6 2.c4 g6 3.Nc3 Bg7 4.e4 d6 5.f4 c5 6.d5 O-O 7.Nf3 e6 8.Be2 exd5 9.
cxd5 Nbd7 10.O-O Re8 11.Qc2 a6 12.a4 Qc7 13.Kh1 c4 14.e5 dxe5 15.fxe5 Nxe5
16.Nxe5 Qxe5 17.Bxc4 Bf5 18.Qd1 Ne4 19.Bf4 Nxc3 20.bxc3 Qe4 21.Bb3 Bxc3 
22.Rc1 Qb4 23.Bc7 Bb2 24.Rc4 Qe7 25.d6 Qe2 26.a5 Bd7 27.Rcf4 Qxd1 28.Rxd1 
Re6 29.Bxe6 fxe6 30.Rb4 1-0